000 00328nam a2200145Ia 4500
100 _aBoresi/Arthur P
250 _a6
942 _cBK
654 _amechanics
245 _aAdvanced mechanics of materials
260 _bJohn Wiley & Sons
_aNew Delhi
_c2003
082 _a620.1123/BOR
_bBOR
300 _a681
546 _aENGLISH
999 _c26751
_d26751